| 000 | 00814cam a2200253 i 4500 | ||
|---|---|---|---|
| 003 | OSt | ||
| 005 | 20230627102509.0 | ||
| 008 | 151008s2016 nyu b 000 0 eng | ||
| 020 | _a9781433131479 | ||
| 040 | _cNIRUC | ||
| 050 | 0 | 0 |
_aP90 _b.L64 2016 |
| 100 | 1 | _aLogan, Robert K. | |
| 245 | 1 | 0 |
_aUnderstanding new media : _bextending Marshall McLuhan / _cRobert K. Logan |
| 250 | _a2nd ed. | ||
| 264 | 1 |
_aNew York _bPeter Lang _c2016 |
|
| 300 |
_axviii, 470 p. _c23 cm. |
||
| 490 | 0 |
_aUnderstanding media ecology ; _vvol. 2 |
|
| 504 | _aIncludes bibliographical references | ||
| 600 | 1 | 0 |
_aMcLuhan, Marshall _d1911-1980 _tUnderstanding media |
| 650 | 0 |
_aMass media _xHistory _y20th century |
|
| 650 | 0 |
_aMass media _xHistory _y21st century |
|
| 650 | 0 |
_aMass media _xTechnological innovations |
|
| 942 |
_2lcc _cBK _n0 |
||
| 999 |
_c282 _d282 |
||